000 01450nam a2200349Ia 4500
001 ebr10662726
003 CaPaEBR
006 m u
007 cr cn|||||||||
008 091218s2010 nyuab sb 001 0 eng d
010 _z 2009050590
020 _z160876897X (pbk.)
020 _z9781608768974 (pbk.)
020 _z9781612096056 (ebook)
040 _aCaPaEBR
_cCaPaEBR
035 _a(OCoLC)695995005
050 1 4 _aTC488.E3
_bC33 2010eb
082 0 4 _a627/.1209465
_222
100 1 _aCabezas, Alvaro.
245 1 0 _aRestoring the Middle Ebro floodplains
_h[electronic resource] /
_cAlvaro Cabezas.
260 _aNew York :
_bNova Science,
_cc2010.
300 _a65 p. :
_bill., maps.
490 1 _aEnvironmental remediation technologies, regulations and safety series
504 _aIncludes bibliographical references (p. [51]-65) and index.
533 _aElectronic reproduction.
_bPalo Alto, Calif. :
_cebrary,
_d2013.
_nAvailable via World Wide Web.
_nAccess may be limited to ebrary affiliated libraries.
650 0 _aFloodplain management
_zSpain
_zEbro River Watershed.
650 0 _aStream restoration
_zSpain
_zEbro River Watershed.
655 7 _aElectronic books.
_2local
710 2 _aebrary, Inc.
830 0 _aEnvironmental remediation technologies, regulations and safety.
856 4 0 _uhttp://site.ebrary.com/lib/rucke/Doc?id=10662726
_zAn electronic book accessible through the World Wide Web; click to view
999 _c172286
_d172286